Statystyki dla Drużynowi Mistrzowie Polski na żużlu

Kliknij tutaj aby rozwiązać quiz!

Ogólne statystyki

  • Ten quiz został rozwiązany 56 razy
  • Średni wynik to 21 z 72

Statystyki odpowiedzi

RokDMP% Poprawnych
2020Unia Leszno
81%
2019Unia Leszno
78%
2018Unia Leszno
70%
2017Unia Leszno
65%
2021WTS Wrocław
59%
1948PKM Warszawa
54%
2015Unia Leszno
51%
2012Unia Tarnów
51%
1949LKM-Unia Leszno
46%
1954Unia Leszno
43%
1953Unia Leszno
43%
1950Unia Leszno
43%
2013ZKŻ Zielona Góra
43%
2016Stal Gorzów Wielkopolski
41%
2010Unia Leszno
41%
1951Unia Leszno
41%
1952Unia Leszno
41%
2014Stal Gorzów Wielkopolski
38%
2003Włókniarz Częstochowa
38%
2004Unia Tarnów
35%
2005Unia Tarnów
35%
2002Polonia Bydgoszcz
32%
2008Unibax Toruń
32%
2006WTS Wrocław
32%
2011ZKŻ Zielona Góra
32%
1963Górnik Rybnik
30%
1962Górnik Rybnik
30%
1958Górnik Rybnik
30%
1956Górnik Rybnik
30%
1957Górnik Rybnik
30%
1964Górnik Rybnik
30%
1999TS Polonia Piła
30%
2007Unia Leszno
30%
2009ZKŻ Zielona Góra
30%
2001Apator Toruń
27%
1990Apator Toruń
27%
1966KS ROW Rybnik
27%
1967KS ROW Rybnik
27%
1965KS ROW Rybnik
27%
1968KS ROW Rybnik
27%
2000Polonia Bydgoszcz
27%
1991Morawski Zielona Góra
24%
1989Unia Leszno
24%
1987Unia Leszno
24%
1970KS ROW Rybnik
22%
1997Polonia Bydgoszcz
22%
1998Polonia Bydgoszcz
22%
1992Polonia Bydgoszcz
22%
1961Stal Rzeszów
22%
1993WTS Wrocław
22%
1955Gwardia Bydgoszcz
19%
1996Włókniarz Częstochowa
19%
1995WTS Wrocław
19%
1994WTS Wrocław
19%
1986Apator Toruń
16%
1972KS ROW Rybnik
16%
1983Stal Gorzów Wielkopolski
16%
1960Stal Rzeszów
16%
1959Włókniarz Częstochowa
16%
1985Falubaz Zielona Góra
14%
1980Unia Leszno
14%
1979Unia Leszno
14%
1981Falubaz Zielona Góra
11%
1982Falubaz Zielona Góra
11%
1974Włókniarz Częstochowa
11%
1969Stal Gorzów Wielkopolski
8%
1971Polonia Bydgoszcz
5%
1976Stal Gorzów Wielkopolski
5%
1975Stal Gorzów Wielkopolski
5%
1973Stal Gorzów Wielkopolski
5%
1977Stal Gorzów Wielkopolski
5%
1978Stal Gorzów Wielkopolski
5%

Rozkład punktacji

Percentyl według liczby udzielonych odpowiedzi

Procent ludzi z każdym wynikiem

Twoja historia wyników

Nie rozwiązałeś tego quizu